4 Most Famous Cities in Saint Lucia on a Map - Statistics

General Stats
  • This quiz has been taken 64 times
  • The average score is 2 of 4
Answers on the Map
Answers color-coded by a green-red scale on the quiz's map according to % correct below.
 
Answer Stats
Wiki Monthly Views Cityquiz Mention Rate Population Answers % Correct
11.85K 13.68% 0.45K Castries
100%
0.96K 0.31% 0.85K Vieux Fort
37%
2.13K 0.12% 1.77K Soufrière
33%
1.74K 0.16% 0.98K Gros Islet
28%
No matching quizzes found
Score Distribution
Percent of People with Each Score
Percentile by Number Answered
Your Score History
You have not taken this quiz